Catálogo de la exposición bibliográfica celebrada con motivo del IV Centenario de la muerte de Luis Vives (15 mayo - 15 junio 1940) / redactado y ordenado por Felipe Mateu y Llopis
Descripción Física:
112 p. : il. ; 24 cm
MARC
| LEADER | 00000nam a2200000Ia 4500 | ||
|---|---|---|---|
| 001 | 8473 | ||
| 008 | 160829s1940 xx 000 0 cat d | ||
| 080 | |a F-1-39 | ||
| 100 | 1 | |a Mateu y Llopis, Felipe, |d 1901-1998 |9 23991 | |
| 245 | |a Catálogo de la exposición bibliográfica celebrada con motivo del IV Centenario de la muerte de Luis Vives (15 mayo - 15 junio 1940) / redactado y ordenado por Felipe Mateu y Llopis | ||
| 260 | |a Barcelona : |b Diputación Provincial de Barcelona, Biblioteca Central, |c 1940 | ||
| 300 | |a 112 p. : |b il. ; |c 24 cm | ||
| 650 | |a Vives i Marc, Joan Lluís |x Bibliografia |x Exposicions |9 25083 | ||
| 710 | 2 | |a Biblioteca Central (Barcelona, Catalunya) |9 54533 | |
| 901 | |a Arxiu | ||
| 942 | |n 1 | ||
| 952 | |0 0 |1 0 |4 0 |6 F139 |7 1 |9 43438 |a Arxiu |b Arxiu |d 2016-12-01 |l 0 |o F-1-39 |p 8473 |r 2016-12-01 00:00:00 |w 2016-12-01 |y ARXIU | ||
| 999 | |c 45984 |d 45984 | ||